Географические названия. Прилагательные, образованные от них. Названия жителей: словарь-справочник

Bibliographische Detailangaben
1. Verfasser: Левашов Е. А. Евгений Александрович
Sprache:Russisch
Veröffentlicht: СПб., Дмитрий Буланин, 2000
Schlagworte:
Format: MixedMaterials Buch
KOHA link:https://koha.lib.tpu.ru/cgi-bin/koha/opac-detail.pl?biblionumber=25669

MARC

LEADER 00000nam0a2200000 4500
001 25669
005 20231030201041.0
010 |a 586007221X 
035 |a (RuTPU)RU\TPU\book\25906 
035 |a BOOK00025981 
090 |a 25669 
100 |a 20011209d2000 km y0rusy50 ca 
101 0 |a rus 
102 |a RU 
105 |a a eg 000zy 
200 1 |a Географические названия. Прилагательные, образованные от них. Названия жителей  |e словарь-справочник  |f Е. А. Левашов 
210 |a СПб.  |c Дмитрий Буланин  |d 2000 
215 |a 602 с. 
610 1 |a русский язык 
610 1 |a топонимика 
610 1 |a географические названия 
610 1 |a лексика 
610 1 |a словообразования 
610 1 |a названия жителей 
610 1 |a словари 
686 |a Ш141.2-3  |v LBC/SL-A  |2 rubbk 
700 1 |a Левашов  |b Е. А.  |g Евгений Александрович 
801 0 |a RU  |b 63413507  |c 20011209  |g PSBO 
801 2 |a RU  |b 63413507  |c 20090211  |g PSBO 
900 |a География туризма 
942 |c BK